[Event "Madrid-chT 2021"]
[Site "Madrid"]
[Date "2021.05.23"]
[Round "12.5"]
[White "Armenteros Peral, Javier"]
[Black "Suarez Uriel, Adrian"]
[Result "0-1"]
[WhiteElo "1984"]
[BlackElo "2360"]
[PlyCount "86"]
[EventDate "2021.01.24"]
[EventType "team-tourn"]
[EventRounds "14"]
[EventCountry "ESP"]
[SourceTitle "Ajedrez en Madrid"]
[Source "lmi"]
[SourceDate "2021.01.23"]
[SourceVersion "1"]
[SourceVersionDate "2021.06.08"]
[SourceQuality "1"]
[WhiteTeam "Blanco y Negro"]
[BlackTeam "Collado Villalba"]
[WhiteTeamCountry "ESP"]
[BlackTeamCountry "ESP"]

1. e4 c5 2. Nf3 Nc6 3. d4 cxd4 4. Nxd4 g6 5. Nc3 Bg7 6. Nde2 Nf6 7. g3 b5 8.
Bg2 Rb8 9. O-O O-O 10. h3 d6 11. Be3 Nd7 12. Bd4 Nxd4 13. Nxd4 Qb6 14. Nce2 Bb7
15. Kh2 Rfc8 16. c3 b4 17. Rb1 Ba6 18. Re1 Nc5 19. Nf4 e6 20. cxb4 Qxb4 21. Nb3
Na4 22. Nd3 Bxd3 23. Qxd3 Nxb2 24. Qa6 Qb6 25. Qxb6 axb6 26. Re2 Na4 27. Rd2
Nc3 28. Rf1 Rd8 29. f4 Ra8 30. Rff2 Ra4 31. e5 d5 32. Rc2 Rc8 33. Rf3 Rac4 34.
Bf1 R4c7 35. Nd4 Bf8 36. g4 Ne4 37. Rb2 Rc1 38. f5 Rd1 39. Nb3 Bb4 40. fxe6
fxe6 41. Be2 Re1 42. Bb5 Bc3 43. Rc2 Bxe5+ 0-1

[Event "Madrid-chT 2021"]
[Site "Madrid"]
[Date "2021.05.22"]
[Round "12.1"]
[White "Herrera, Irisberto"]
[Black "Montañes Arribas, Adrian"]
[Result "1/2-1/2"]
[WhiteElo "2419"]
[BlackElo "2265"]
[PlyCount "49"]
[EventDate "2021.01.24"]
[EventType "team-tourn"]
[EventRounds "14"]
[EventCountry "ESP"]
[SourceTitle "Ajedrez en Madrid"]
[Source "lmi"]
[SourceDate "2021.01.23"]
[SourceVersion "1"]
[SourceVersionDate "2021.06.08"]
[SourceQuality "1"]
[WhiteTeam "Capablanca"]
[BlackTeam "Vallecas CDV"]
[WhiteTeamCountry "ESP"]
[BlackTeamCountry "ESP"]

1. e4 e5 2. Nf3 Nc6 3. Bb5 a6 4. Ba4 Nf6 5. d3 d6 6. c3 g6 7. Nbd2 Bg7 8. Nf1
O-O 9. Ng3 b5 10. Bc2 Nb8 11. O-O Nbd7 12. a4 Bb7 13. Bg5 h6 14. Be3 Re8 15. h3
d5 16. Re1 c5 17. Nh2 c4 18. dxc4 bxc4 19. Ng4 Nxg4 20. hxg4 Qh4 21. Nf1 Nf6
22. f3 dxe4 23. Bf2 Qg5 24. Be3 Qh4 25. Bf2 1/2-1/2

[Event "Madrid-chT 2021"]
[Site "Madrid"]
[Date "2021.05.22"]
[Round "12.2"]
[White "Martin Garcia, Guillermo Li"]
[Black "Bolado Saez, Sergio"]
[Result "1-0"]
[WhiteElo "2257"]
[BlackElo "2335"]
[PlyCount "81"]
[EventDate "2021.01.24"]
[EventType "team-tourn"]
[EventRounds "14"]
[EventCountry "ESP"]
[SourceTitle "Ajedrez en Madrid"]
[Source "lmi"]
[SourceDate "2021.01.23"]
[SourceVersion "1"]
[SourceVersionDate "2021.06.08"]
[SourceQuality "1"]
[WhiteTeam "Vallecas CDV"]
[BlackTeam "Capablanca"]
[WhiteTeamCountry "ESP"]
[BlackTeamCountry "ESP"]

1. e4 c5 2. Nf3 d6 3. c3 Nf6 4. h3 g6 5. Bd3 Bg7 6. Bc2 e5 7. O-O O-O 8. d4
exd4 9. cxd4 Nc6 10. Re1 Re8 11. d5 Nb4 12. Nc3 Nxc2 13. Qxc2 a6 14. a4 Nh5 15.
Bg5 Bf6 16. Be3 Rb8 17. a5 b5 18. axb6 Rxb6 19. Nd2 Rb4 20. Ra4 Qc7 21. Rc1 Qb8
22. Rxb4 cxb4 23. Na4 Bd7 24. Nb6 Bb5 25. b3 Bd8 26. Ndc4 Be7 27. Qa2 Rc8 28.
Qa5 Bxc4 29. Rxc4 Rxc4 30. Nxc4 Nf6 31. f3 Qb7 32. Nxd6 Qb8 33. Nc4 Qg3 34. Bf2
Qf4 35. d6 Bxd6 36. e5 Nh5 37. exd6 Qc1+ 38. Kh2 Qf4+ 39. g3 Qxf3 40. Qc5 Nf6
41. Ne5 1-0

[Event "Madrid-chT 2021"]
[Site "Madrid"]
[Date "2021.05.22"]
[Round "12.3"]
[White "Tejedo Meneses, Alvaro"]
[Black "Beltran de Heredia Eguiaz, Miguel Angel"]
[Result "0-1"]
[WhiteElo "2037"]
[BlackElo "2232"]
[PlyCount "102"]
[EventDate "2021.01.24"]
[EventType "team-tourn"]
[EventRounds "14"]
[EventCountry "ESP"]
[SourceTitle "Ajedrez en Madrid"]
[Source "lmi"]
[SourceDate "2021.01.23"]
[SourceVersion "1"]
[SourceVersionDate "2021.06.08"]
[SourceQuality "1"]
[WhiteTeam "Capablanca"]
[BlackTeam "Vallecas CDV"]
[WhiteTeamCountry "ESP"]
[BlackTeamCountry "ESP"]

1. e4 c5 2. Nf3 Nc6 3. d4 cxd4 4. Nxd4 Nf6 5. Nc3 e6 6. Ndb5 Bc5 7. Nd6+ Ke7 8.
Nxc8+ Rxc8 9. Bd3 Qc7 10. Bg5 h6 11. Bh4 Ne5 12. Bg3 Bb4 13. O-O Bxc3 14. bxc3
Qxc3 15. Rb1 b6 16. Rb3 Qd4 17. Re1 d6 18. Qb1 Nh5 19. Rb4 Qc3 20. Rb3 Qc7 21.
Bxe5 dxe5 22. g3 Nf6 23. Qb2 Nd7 24. Ba6 Rb8 25. Rc3 Nc5 26. Qa3 Rhd8 27. Bd3
Kf8 28. Qb4 Rd4 29. Qb1 Rbd8 30. Re3 Kg8 31. Qf1 Qd6 32. Qe2 Ra4 33. a3 Rd4 34.
Kg2 Qc6 35. Qf3 Qb7 36. g4 Qe7 37. Qg3 Qg5 38. Rc4 Rxc4 39. Bxc4 Rd2 40. Bd3
Qf4 41. Rf3 Qxg3+ 42. Kxg3 Kf8 43. Re3 Ke7 44. h4 Nxd3 45. cxd3 g5 46. hxg5
hxg5 47. Kf3 b5 48. a4 b4 49. a5 Ra2 50. Re1 Rxa5 51. Ke3 Kd6 0-1

[Event "Madrid-chT 2021"]
[Site "Madrid"]
[Date "2021.05.22"]
[Round "12.4"]
[White "Morona Minguez, Miguel"]
[Black "Porras Fernandez, Alberto"]
[Result "1-0"]
[WhiteElo "2064"]
[BlackElo "1919"]
[PlyCount "101"]
[EventDate "2021.01.24"]
[EventType "team-tourn"]
[EventRounds "14"]
[EventCountry "ESP"]
[SourceTitle "Ajedrez en Madrid"]
[Source "lmi"]
[SourceDate "2021.01.23"]
[SourceVersion "1"]
[SourceVersionDate "2021.06.08"]
[SourceQuality "1"]
[WhiteTeam "Vallecas CDV"]
[BlackTeam "Capablanca"]
[WhiteTeamCountry "ESP"]
[BlackTeamCountry "ESP"]

1. e4 c5 2. Nf3 Nc6 3. d4 cxd4 4. Nxd4 Qc7 5. Nc3 e6 6. Be2 Nf6 7. O-O Be7 8.
Be3 O-O 9. f4 d6 10. Bf3 Bd7 11. Kh1 a6 12. a4 Nxd4 13. Qxd4 Bc6 14. g4 Rad8
15. g5 Nd7 16. b4 b6 17. Qc4 Rc8 18. Qb3 Bb7 19. Bd2 Qc4 20. Qxc4 Rxc4 21. Be2
Rc7 22. Bd3 d5 23. Rab1 Rfc8 24. Rb3 f5 25. exd5 g6 26. Re1 Kf7 27. Rxe6 Bxg5
28. fxg5 Rxc3 29. Rxc3 Bxd5+ 30. Kg1 Rxc3 31. Rd6 Rxd3 32. cxd3 Be6 33. Be3 Ke7
34. Rc6 Ne5 35. Rxb6 Nxd3 36. Rxa6 f4 37. Bc5+ Kf7 38. Ra7+ Kg8 39. Re7 Bc4 40.
Bd6 f3 41. Bc5 Nf4 42. Kf2 Be2 43. h4 Nd5 44. Ra7 Nf4 45. a5 Nd3+ 46. Kg3 Kh8
47. a6 f2 48. Bxf2 Nxb4 49. Bd4+ Kg8 50. Rg7+ Kf8 51. a7 1-0

[Event "Madrid-chT 2021"]
[Site "Madrid"]
[Date "2021.05.22"]
[Round "12.5"]
[White "Matesanz Bonastre, Rafael"]
[Black "Dominguez Alfara, Miguel"]
[Result "0-1"]
[WhiteElo "1914"]
[BlackElo "2006"]
[PlyCount "84"]
[EventDate "2021.01.24"]
[EventType "team-tourn"]
[EventRounds "14"]
[EventCountry "ESP"]
[SourceTitle "Ajedrez en Madrid"]
[Source "lmi"]
[SourceDate "2021.01.23"]
[SourceVersion "1"]
[SourceVersionDate "2021.06.08"]
[SourceQuality "1"]
[WhiteTeam "Capablanca"]
[BlackTeam "Vallecas CDV"]
[WhiteTeamCountry "ESP"]
[BlackTeamCountry "ESP"]

1. d4 d5 2. c4 e6 3. Nc3 Nf6 4. cxd5 exd5 5. Bg5 Be7 6. e3 O-O 7. Bd3 Nbd7 8.
Nge2 h6 9. Bh4 b6 10. O-O Bb7 11. f3 c5 12. Rc1 Re8 13. Qd2 Nf8 14. Bb1 Qd7 15.
Kh1 Rac8 16. Rcd1 b5 17. dxc5 b4 18. Bxf6 Bxf6 19. Nxd5 Qxd5 20. Qxd5 Bxd5 21.
Rxd5 Rxe3 22. Ng3 g6 23. Kg1 Bxb2 24. Kf2 Re6 25. Rfd1 Rec6 26. Ne4 Ne6 27. Nd6
R8c7 28. Bc2 Rxc5 29. Rxc5 Rxc5 30. Bb3 Rc6 31. Nc4 Bc3 32. Rd7 Nc5 33. Rxa7
Re6 34. Rc7 Nd3+ 35. Kg3 Be1+ 36. Kh3 Nf4+ 37. Kg4 Rf6 38. Ne5 h5+ 39. Kg5 Nh3+
40. gxh3 Rf5+ 41. Kh6 Bd2+ 42. f4 Bxf4# 0-1

[Event "Madrid-chT 2021"]
[Site "Madrid"]
[Date "2021.05.22"]
[Round "12.6"]
[White "Ballesteros Galvez, Daniel"]
[Black "Barragan Arriaza, Pablo"]
[Result "1-0"]
[WhiteElo "1917"]
[BlackElo "1924"]
[PlyCount "85"]
[EventDate "2021.01.24"]
[EventType "team-tourn"]
[EventRounds "14"]
[EventCountry "ESP"]
[SourceTitle "Ajedrez en Madrid"]
[Source "lmi"]
[SourceDate "2021.01.23"]
[SourceVersion "1"]
[SourceVersionDate "2021.06.08"]
[SourceQuality "1"]
[WhiteTeam "Vallecas CDV"]
[BlackTeam "Capablanca"]
[WhiteTeamCountry "ESP"]
[BlackTeamCountry "ESP"]

1. e4 e5 2. Nf3 Nc6 3. Bb5 a6 4. Ba4 Nf6 5. O-O Be7 6. Re1 b5 7. Bb3 O-O 8. h3
d6 9. c3 Na5 10. Bc2 c5 11. d4 Qc7 12. d5 c4 13. b4 Nb7 14. a4 Bd7 15. axb5
axb5 16. Rxa8 Rxa8 17. Nbd2 Ra1 18. Nf1 Qb8 19. Qe2 Ra2 20. Ng3 Ne8 21. Nh2 Nc7
22. Rd1 Na8 23. f4 exf4 24. Bxf4 Bf6 25. e5 dxe5 26. Be3 g6 27. Ng4 Bxg4 28.
hxg4 Nd6 29. Bc5 Nb6 30. Ne4 Nxe4 31. Qxe4 Nd7 32. d6 Qc8 33. Bb1 Nxc5 34. Qd5
Ra6 35. bxc5 Qxg4 36. c6 Qc8 37. Rf1 Qxc6 38. Qxc6 Rxc6 39. Rxf6 Rc8 40. Be4
Rd8 41. Bd5 Rd7 42. Rxf7 Rxd6 43. Rd7+ 1-0

[Event "Madrid-chT 2021"]
[Site "Madrid"]
[Date "2021.05.23"]
[Round "12.2"]
[White "Valles Moreno, Ivan"]
[Black "Martinez Fernandez, Raul"]
[Result "1-0"]
[WhiteElo "2411"]
[BlackElo "2141"]
[PlyCount "101"]
[EventDate "2021.01.24"]
[EventType "team-tourn"]
[EventRounds "14"]
[EventCountry "ESP"]
[SourceTitle "Ajedrez en Madrid"]
[Source "lmi"]
[SourceDate "2021.01.23"]
[SourceVersion "1"]
[SourceVersionDate "2021.06.08"]
[SourceQuality "1"]
[WhiteTeam "Villalba 64"]
[BlackTeam "San Sebastian de los Reyes"]
[WhiteTeamCountry "ESP"]
[BlackTeamCountry "ESP"]

1. Nf3 d5 2. g3 c5 3. Bg2 Nc6 4. O-O e5 5. d3 Nge7 6. c4 d4 7. e3 Ng6 8. exd4
cxd4 9. a3 a5 10. Nbd2 Be7 11. Rb1 O-O 12. Ne1 f5 13. Bd5+ Kh8 14. Qh5 f4 15.
Be4 Rf6 16. Nef3 Be6 17. Ng5 Bg8 18. Ndf3 Qe8 19. Bd2 Nf8 20. Qxe8 Rxe8 21. h4
h6 22. Kg2 Nd7 23. b4 fxg3 24. fxg3 Rb8 25. Nh3 axb4 26. axb4 Ra8 27. Rb2 Ra4
28. Rfb1 Rf8 29. Nf2 Rfa8 30. Bf5 Ncb8 31. Ng4 Bd6 32. c5 Bc7 33. Be4 R8a7 34.
h5 Nf6 35. Nf2 Nxe4 36. dxe4 Be6 37. b5 Ra8 38. b6 Bd8 39. Nxe5 Bf6 40. Nfd3
Nd7 41. Bf4 R4a5 42. Ng6+ Kg8 43. c6 bxc6 44. b7 Rb8 45. Bxb8 Nxb8 46. Ndf4 Bf7
47. Rc2 c5 48. e5 Bg5 49. Rf2 Bxf4 50. Rxf4 Ra2+ 51. Kg1 1-0

[Event "Madrid-chT 2021"]
[Site "Madrid"]
[Date "2021.05.23"]
[Round "12.3"]
[White "Alfaya Marcelo, Roberto"]
[Black "Garcia Luengo, Leandro"]
[Result "0-1"]
[WhiteElo "2198"]
[BlackElo "2304"]
[PlyCount "94"]
[EventDate "2021.01.24"]
[EventType "team-tourn"]
[EventRounds "14"]
[EventCountry "ESP"]
[SourceTitle "Ajedrez en Madrid"]
[Source "lmi"]
[SourceDate "2021.01.23"]
[SourceVersion "1"]
[SourceVersionDate "2021.06.08"]
[SourceQuality "1"]
[WhiteTeam "San Sebastian de los Reyes"]
[BlackTeam "Villalba 64"]
[WhiteTeamCountry "ESP"]
[BlackTeamCountry "ESP"]

1. c4 e5 2. Nc3 Bb4 3. g3 Bxc3 4. dxc3 d6 5. Bg2 f5 6. Nf3 Nf6 7. Be3 Qe7 8.
O-O O-O 9. b4 Nc6 10. c5 Be6 11. Bg5 h6 12. Bxf6 Qxf6 13. cxd6 Rfd8 14. b5 Ne7
15. c4 Rxd6 16. Qc2 e4 17. Nd2 Qd4 18. Rfd1 Rad8 19. Rac1 Qc5 20. e3 Ng6 21.
Bf1 Ne5 22. Nb3 Nf3+ 23. Kh1 Qb4 24. c5 Bxb3 25. axb3 Rxd1 26. Rxd1 Rxd1 27.
Qxd1 Qd2 28. Bc4+ Kf8 29. Qxd2 Nxd2 30. Be6 g6 31. b4 b6 32. g4 Ke7 33. gxf5
Kf6 34. Kg2 gxf5 35. Bd7 Nf3 36. Kg3 Ne5 37. Be8 Nd3 38. cxb6 cxb6 39. f3 Ke5
40. Bc6 Nxb4 41. fxe4 a5 42. exf5 a4 43. Bd7 a3 44. Be6 Nd5 45. Bxd5 Kxd5 46.
Kf4 a2 47. e4+ Kd4 0-1

[Event "Madrid-chT 2021"]
[Site "Madrid"]
[Date "2021.05.23"]
[Round "12.4"]
[White "Yashas, Devappa"]
[Black "Jovancevic, Jovan"]
[Result "1-0"]
[WhiteElo "2314"]
[BlackElo "2152"]
[PlyCount "151"]
[EventDate "2021.01.24"]
[EventType "team-tourn"]
[EventRounds "14"]
[EventCountry "ESP"]
[SourceTitle "Ajedrez en Madrid"]
[Source "lmi"]
[SourceDate "2021.01.23"]
[SourceVersion "1"]
[SourceVersionDate "2021.06.08"]
[SourceQuality "1"]
[WhiteTeam "Villalba 64"]
[BlackTeam "San Sebastian de los Reyes"]
[WhiteTeamCountry "ESP"]
[BlackTeamCountry "ESP"]

1. Nf3 Nf6 2. g3 d5 3. b3 g6 4. Bb2 Bg7 5. Bg2 O-O 6. c4 c6 7. O-O Nbd7 8. Qc2
Re8 9. Ne5 a5 10. cxd5 cxd5 11. Na3 Nxe5 12. Bxe5 Bd7 13. Qb2 Bc6 14. Nc2 Qb6
15. a3 Nh5 16. Bxg7 Nxg7 17. b4 Nf5 18. Rfb1 axb4 19. Nxb4 Qa5 20. Qe5 Red8 21.
g4 Ng7 22. e3 Rd7 23. d4 f6 24. Qg3 Ne6 25. Rc1 Ba4 26. Rc3 Rad8 27. Rac1 Bb5
28. g5 Nxg5 29. h4 Ne4 30. Bxe4 dxe4 31. Qg4 Kf7 32. Qxe4 Be2 33. d5 h5 34. f3
Qb6 35. Kf2 Bb5 36. Rg1 f5 37. Qe6+ Qxe6 38. dxe6+ Kxe6 39. Rxg6+ Kf7 40. Rg5
e6 41. Rxh5 Kg6 42. Rg5+ Kf6 43. Kg3 Rd1 44. Rc2 Ra8 45. Rc5 Be8 46. Nc2 Rc1
47. e4 Ba4 48. e5+ Ke7 49. Rc7+ Kd8 50. Rh7 Rxc2 51. Rg8+ Be8 52. Rxe8+ Kxe8
53. Rh8+ Kf7 54. Rxa8 Kg6 55. Rg8+ Kf7 56. Rb8 Rb2 57. h5 Kg7 58. Re8 Rb6 59.
Kh4 Kf7 60. Rc8 Rb3 61. Rc7+ Kg8 62. f4 Rxa3 63. Rxb7 Rf3 64. Kg5 Rf1 65. Kg6
Rg1+ 66. Kf6 Rg4 67. Rb4 Rh4 68. Kxe6 Rxh5 69. Kf6 Rh6+ 70. Kxf5 Ra6 71. e6 Kg7
72. Rb7+ Kf8 73. Kf6 Ra8 74. Rf7+ Kg8 75. Rg7+ Kh8 76. Rg4 1-0

[Event "Madrid-chT 2021"]
[Site "Madrid"]
[Date "2021.05.23"]
[Round "12.5"]
[White "Guillo Longares, Cecilia"]
[Black "Lopez del Alamo, Antonio"]
[Result "1/2-1/2"]
[WhiteElo "2005"]
[BlackElo "2284"]
[PlyCount "72"]
[EventDate "2021.01.24"]
[EventType "team-tourn"]
[EventRounds "14"]
[EventCountry "ESP"]
[SourceTitle "Ajedrez en Madrid"]
[Source "lmi"]
[SourceDate "2021.01.23"]
[SourceVersion "1"]
[SourceVersionDate "2021.06.08"]
[SourceQuality "1"]
[WhiteTeam "San Sebastian de los Reyes"]
[BlackTeam "Villalba 64"]
[WhiteTeamCountry "ESP"]
[BlackTeamCountry "ESP"]

1. d4 Nf6 2. c4 g6 3. Nf3 Bg7 4. g3 O-O 5. Bg2 d6 6. O-O c6 7. Nc3 Qa5 8. e4 e5
9. d5 cxd5 10. exd5 Bd7 11. a3 Rc8 12. Nd2 Qd8 13. Qe2 Ne8 14. Rb1 f5 15. b3
Na6 16. b4 Nf6 17. Nb3 e4 18. Bb2 Ng4 19. Nb5 Bxb2 20. Rxb2 Qf6 21. N5d4 Ne5
22. Rc2 Ba4 23. f4 exf3 24. Bxf3 Re8 25. Qd2 Bxb3 26. Nxb3 Nxf3+ 27. Rxf3 Re4
28. Rf4 Rae8 29. Rxe4 Rxe4 30. c5 Qe5 31. cxd6 Qxd6 32. Rc8+ Kg7 33. Qc3+ Kh6
34. Qd2+ Kg7 35. Qc3+ Kh6 36. Qd2+ Kg7 1/2-1/2

[Event "Madrid-chT 2021"]
[Site "Madrid"]
[Date "2021.05.23"]
[Round "12.6"]
[White "Sanchez Gonzalez, Sergio"]
[Black "Santamaria Farran, Pablo"]
[Result "1-0"]
[WhiteElo "2303"]
[BlackElo "1757"]
[PlyCount "65"]
[EventDate "2021.01.24"]
[EventType "team-tourn"]
[EventRounds "14"]
[EventCountry "ESP"]
[SourceTitle "Ajedrez en Madrid"]
[Source "lmi"]
[SourceDate "2021.01.23"]
[SourceVersion "1"]
[SourceVersionDate "2021.06.08"]
[SourceQuality "1"]
[WhiteTeam "Villalba 64"]
[BlackTeam "San Sebastian de los Reyes"]
[WhiteTeamCountry "ESP"]
[BlackTeamCountry "ESP"]

1. Nf3 g6 2. d4 Bg7 3. e4 d6 4. c4 e5 5. Nc3 Bg4 6. d5 a5 7. h3 Bd7 8. Be3 Bh6
9. Bxh6 Nxh6 10. Qd2 Ng8 11. c5 Nf6 12. Qh6 Qe7 13. cxd6 cxd6 14. Be2 Na6 15.
O-O Qf8 16. Qe3 Nc5 17. Nd2 Qe7 18. f4 O-O 19. fxe5 Qxe5 20. Nc4 Qe7 21. e5
Rfe8 22. Rxf6 b5 23. Nxd6 Qxf6 24. Nxe8 Rxe8 25. Qxc5 Qxe5 26. Bxb5 Rc8 27. Qf2
Bxb5 28. Nxb5 Qxd5 29. Nc3 Qc4 30. Re1 Qc6 31. Re7 Rf8 32. Qd4 Qc8 33. Nd5 1-0

[Event "Madrid-chT 2021"]
[Site "Madrid"]
[Date "2021.05.23"]
[Round "12.1"]
[White "Elissalt Cardenas, Hector"]
[Black "Espinosa Aranda, Angel"]
[Result "1/2-1/2"]
[WhiteElo "2281"]
[BlackElo "2482"]
[PlyCount "48"]
[EventDate "2021.01.24"]
[EventType "team-tourn"]
[EventRounds "14"]
[EventCountry "ESP"]
[SourceTitle "Ajedrez en Madrid"]
[Source "lmi"]
[SourceDate "2021.01.23"]
[SourceVersion "1"]
[SourceVersionDate "2021.06.08"]
[SourceQuality "1"]
[WhiteTeam "Tajamar"]
[BlackTeam "Virgen de Atocha"]
[WhiteTeamCountry "ESP"]
[BlackTeamCountry "ESP"]

1. c4 e5 2. Nc3 Bb4 3. g3 Bxc3 4. dxc3 Nc6 5. e4 d6 6. Bg2 Be6 7. b3 Qd7 8. h3
Nge7 9. Nf3 h6 10. Nd2 O-O 11. g4 Ng6 12. Nf3 a6 13. Be3 b5 14. c5 dxc5 15.
Qxd7 Bxd7 16. Bxc5 Rfd8 17. Be3 Be6 18. O-O a5 19. Rfc1 a4 20. Bf1 axb3 21.
axb3 Na5 22. Bxb5 Nxb3 23. Rxa8 Rxa8 24. Rd1 Rb8 1/2-1/2

[Event "Madrid-chT 2021"]
[Site "Madrid"]
[Date "2021.05.23"]
[Round "12.2"]
[White "Almagro Llamas, Pablo"]
[Black "Ingunza Curro, Andres"]
[Result "1/2-1/2"]
[WhiteElo "2424"]
[BlackElo "2392"]
[PlyCount "74"]
[EventDate "2021.01.24"]
[EventType "team-tourn"]
[EventRounds "14"]
[EventCountry "ESP"]
[SourceTitle "Ajedrez en Madrid"]
[Source "lmi"]
[SourceDate "2021.01.23"]
[SourceVersion "1"]
[SourceVersionDate "2021.06.08"]
[SourceQuality "1"]
[WhiteTeam "Virgen de Atocha"]
[BlackTeam "Tajamar"]
[WhiteTeamCountry "ESP"]
[BlackTeamCountry "ESP"]

1. d4 Nf6 2. c4 e6 3. Nf3 d5 4. Nc3 Be7 5. Bg5 h6 6. Bh4 O-O 7. e3 b6 8. Rc1
Bb7 9. Bxf6 Bxf6 10. cxd5 exd5 11. b4 c6 12. Be2 Nd7 13. O-O a6 14. a4 Qe7 15.
Qb3 Qd6 16. a5 Be7 17. axb6 Nxb6 18. Rb1 Rfb8 19. Ne5 Bc8 20. Qc2 Nd7 21. Nd3
a5 22. bxa5 Rxa5 23. Rxb8 Qxb8 24. Rb1 Qa8 25. Bg4 Nf6 26. Bxc8 Qxc8 27. Ne2
Ne4 28. Ng3 Nd6 29. Ne5 c5 30. dxc5 Rxc5 31. Qd1 Bf6 32. Nd3 Rc4 33. Nf4 d4 34.
Nd5 Qe6 35. Nxf6+ Qxf6 36. exd4 Rxd4 37. Qe2 g6 1/2-1/2

[Event "Madrid-chT 2021"]
[Site "Madrid"]
[Date "2021.05.23"]
[Round "12.3"]
[White "Mkrtchyan, Levon"]
[Black "Vallejo Diaz, Jesus"]
[Result "1/2-1/2"]
[WhiteElo "2230"]
[BlackElo "2227"]
[PlyCount "42"]
[EventDate "2021.01.24"]
[EventType "team-tourn"]
[EventRounds "14"]
[EventCountry "ESP"]
[SourceTitle "Ajedrez en Madrid"]
[Source "lmi"]
[SourceDate "2021.01.23"]
[SourceVersion "1"]
[SourceVersionDate "2021.06.08"]
[SourceQuality "1"]
[WhiteTeam "Tajamar"]
[BlackTeam "Virgen de Atocha"]
[WhiteTeamCountry "ESP"]
[BlackTeamCountry "ESP"]

1. e4 d6 2. d4 Nf6 3. Nc3 Nbd7 4. f4 e5 5. Nf3 exd4 6. Qxd4 c6 7. Bc4 b5 8. Be2
Qb6 9. a3 Bb7 10. Qxb6 axb6 11. Rb1 Nc5 12. e5 Nfe4 13. Nxe4 Nxe4 14. Be3 dxe5
15. Nxe5 f6 16. Nf3 Bc5 17. Bxc5 bxc5 18. Bd3 Nd6 19. c3 O-O-O 20. Kf2 h6 21.
Rhe1 Rhe8 1/2-1/2

[Event "Madrid-chT 2021"]
[Site "Madrid"]
[Date "2021.05.23"]
[Round "12.4"]
[White "Vazquez Torres, Adrian"]
[Black "Rodriguez Lopez, David"]
[Result "1-0"]
[WhiteElo "2179"]
[BlackElo "2148"]
[PlyCount "59"]
[EventDate "2021.01.24"]
[EventType "team-tourn"]
[EventRounds "14"]
[EventCountry "ESP"]
[SourceTitle "Ajedrez en Madrid"]
[Source "lmi"]
[SourceDate "2021.01.23"]
[SourceVersion "1"]
[SourceVersionDate "2021.06.08"]
[SourceQuality "1"]
[WhiteTeam "Virgen de Atocha"]
[BlackTeam "Tajamar"]
[WhiteTeamCountry "ESP"]
[BlackTeamCountry "ESP"]

1. e4 e5 2. Nf3 Nc6 3. Bb5 a6 4. Ba4 Nf6 5. O-O Nxe4 6. d4 b5 7. Bb3 d5 8. dxe5
Be6 9. a4 b4 10. a5 Nc5 11. Nbd2 Be7 12. Ba4 Nxa4 13. Rxa4 Qd7 14. b3 O-O 15.
Bb2 Rab8 16. Qe2 Rb5 17. Rd1 Qc8 18. Nf1 Qb7 19. Ng3 Rxa5 20. Rxa5 Nxa5 21. Nd4
Qb6 22. Ra1 Bc5 23. Ndf5 g6 24. Nh6+ Kg7 25. Qf3 Be7 26. Ng4 Nc6 27. Nf6 Nd4
28. Qf4 c5 29. Bc1 Kh8 30. Qh6 1-0

[Event "Madrid-chT 2021"]
[Site "Madrid"]
[Date "2021.05.23"]
[Round "12.5"]
[White "Cuellar Gutierrez, Raul"]
[Black "Horcajada Reales, Guillermo"]
[Result "1-0"]
[WhiteElo "2000"]
[BlackElo "2112"]
[PlyCount "72"]
[EventDate "2021.01.24"]
[EventType "team-tourn"]
[EventRounds "14"]
[EventCountry "ESP"]
[SourceTitle "Ajedrez en Madrid"]
[Source "lmi"]
[SourceDate "2021.01.23"]
[SourceVersion "1"]
[SourceVersionDate "2021.06.08"]
[SourceQuality "1"]
[WhiteTeam "Tajamar"]
[BlackTeam "Virgen de Atocha"]
[WhiteTeamCountry "ESP"]
[BlackTeamCountry "ESP"]

1. d4 Nf6 2. Nf3 e6 3. g3 b6 4. Bg2 Bb7 5. c4 Bb4+ 6. Bd2 Bxd2+ 7. Nbxd2 d6 8.
O-O c5 9. e3 O-O 10. Qc2 Nc6 11. Rfd1 Qe7 12. a3 Rac8 13. Rac1 cxd4 14. exd4 b5
15. cxb5 Nxd4 16. Qd3 Nxf3+ 17. Nxf3 Be4 18. Qe2 Qb7 19. Rxc8 Rxc8 20. Rxd6 g6
21. Rd1 Rc2 22. Qe3 Ng4 23. Rd8+ Kg7 24. Qd4+ Nf6 25. Qb4 g5 26. Ne1 Rc1 27.
Bxe4 Nxe4 28. Qd4+ Kh6 29. Qe3 Rb1 30. h4 Rxb2 31. hxg5+ Nxg5 32. a4 Kh5 33.
g4+ Kxg4 34. Qd4+ Qe4 35. Qxe4+ Nxe4 36. f3+ Kf4 1-0

[Event "Madrid-chT 2021"]
[Site "Madrid"]
[Date "2021.05.30"]
[Round "13.1"]
[White "Almagro Llamas, Pablo"]
[Black "Montoliu Cervero, Francisco"]
[Result "0-1"]
[WhiteElo "2424"]
[BlackElo "2409"]
[PlyCount "37"]
[EventDate "2021.01.24"]
[EventType "team-tourn"]
[EventRounds "14"]
[EventCountry "ESP"]
[SourceTitle "Ajedrez en Madrid"]
[Source "lmi"]
[SourceDate "2021.01.23"]
[SourceVersion "1"]
[SourceVersionDate "2021.06.08"]
[SourceQuality "1"]
[WhiteTeam "Virgen de Atocha"]
[BlackTeam "Blanco y Negro"]
[WhiteTeamCountry "ESP"]
[BlackTeamCountry "ESP"]

1. d4 d5 2. Nf3 Nf6 3. c4 dxc4 4. e3 a6 5. a4 Bf5 6. Bxc4 e6 7. O-O c5 8. Nc3
Nbd7 9. Qe2 cxd4 10. exd4 Nb6 11. Ba2 Be7 12. Bg5 O-O 13. Rfd1 h6 14. Bh4 Re8
15. Ne5 Nfd5 16. Bxe7 Rxe7 17. a5 Nxc3 18. bxc3 Nd5 19. Qb2 0-1